| 000 | 00479nam a2200145 i 4500 | ||
|---|---|---|---|
| 001 | 93602 | ||
| 003 | ES-MaACL | ||
| 007 | t| | ||
| 008 | 050415s1979 sp ||||1| spa d | ||
| 100 | 1 |
_aLópez Ayala, Manuel. _973426 |
|
| 245 | 1 | 0 |
_aCuestiones de competencia _b: comentarios a las reglas de competencia en la ley de Enjuiciamiento Civil / _cpor Manuel López Ayala. |
| 260 |
_aMadrid : _bMontecorvo, _c1979. |
||
| 300 |
_a304 p. ; _c24 cm. |
||
| 852 |
_aES-MaACL _jL-77 _bR.100620 |
||
| 999 |
_c93602 _d93602 |
||